000 002950000a22000970004500
100 1 _aRichard, Pablo
245 1 0 _aFuturo del cristianismo en occidente después de la guerra contra Irak
300 _aVol. 23, Num 2 (II Semestre, 2003), Páginas 27-38
773 0 _tVida y pensamiento
942 _cANA
999 _c53261
_d53261